000 00569nam a22001937a 4500
005 20250530171157.0
010 _aENG-145068
020 _a9780091809560
_c750.00
035 _aEN-128600
037 _bDBAD
082 _a615.32
100 _aCash, Mel
_981497
245 _aSport & Remedial Massage Therapy/
_cMel Cash
250 _a1
260 _aNew York
_bRandom House
_c1996
270 _aRandom House, The Random House Publishing Group, A division of Random House
_bNew York
300 _a284p.
_c24cm(pb)
942 _2ddc
_cEN
_h615.32
_mCAS
999 _c211474
_d211474